• 首页
  • 本馆介绍
  • 公告通知
  • 最新文献
  • 馆藏检索
  • 电子资源
  • 读者导购
  • 参考咨询
  • 我的图书馆
  • 登录
  • 详细信息显示
  • 放入我的书架
  • 预约/预借图书
  • 作者相关作品
  • 分类相关作品
  • 丛书相关作品
  • 出版社相关作品

书目信息

  • 表格格式
  • 工作单格式
  • 卡片格式
题名:
化学合成生物学
    
 
作者: 路易斯 , 恰拉贝利 编著 ;李爽 , 王菊芳 译
分册:  
出版信息: 北京   科学出版社  2013.06
页数: 248页
开本: 26cm
丛书名: 新生物学丛书
单 册:
中图分类: Q503
科图分类:
主题词: 生物合成--化学合成 , 生物合成 , 化学合成
电子资源:
ISBN: 978-7-03-037699-2
000 01228oam2 2200337 450
001 012013145400
005 20140610104435.75
010    @a978-7-03-037699-2@dCNY98.00
100    @a20130710d2013 em y0chiy0110 ea
101 1  @achi@cita
102    @aCN@b110000
105    @aafk z 000yy
106    @ar
200 1  @a化学合成生物学@9hua xue he cheng sheng wu xue@dChemical synthetic biology@f(意)P.L.路易斯,(意)C.恰拉贝利编著@g李爽,王菊芳译@zeng
210    @a北京@c科学出版社@d2013.06
215    @a248页@c图,图版(4页)@d26cm
225 2  @a新生物学丛书
330    @a本书分为核酸、肽和蛋白质、复合系统、普遍问题。主要内容包括:寻找核酸的替代品;前所未有的RNA:化学合成生物学的多功能模块;从化学视角看合成生物学、熔补生物学及人造生物学等。
333    @a生物合成化学合成相关研究人员
461  0 @12001 @a新生物学丛书
510 1  @aChemical synthetic biology@zeng
606 0  @a生物合成@x化学合成
606 0  @a生物合成
606 0  @a化学合成
690    @aQ503@v5
701  1 @c(意)@a路易斯@9lu yi si@bP.L.@4编著
701  1 @c(意)@a恰拉贝利@9qia la bei li@bC.@4编著
702  0 @a李爽@9li shuang@4译
702  0 @a王菊芳@9wang ju fang@4译
801  0 @aCN@b人天书店@c20130710
905    @b846440-42@dQ503@e204@f3
    
    化学合成生物学=Chemical synthetic biology/(意)P.L.路易斯,(意)C.恰拉贝利编著/李爽,王菊芳译.-北京:科学出版社,2013.06
    248页:图,图版(4页);26cm.-(新生物学丛书)
    使用对象:生物合成化学合成相关研究人员
    
    ISBN 978-7-03-037699-2:CNY98.00
    本书分为核酸、肽和蛋白质、复合系统、普遍问题。主要内容包括:寻找核酸的替代品;前所未有的RNA:化学合成生物学的多功能模块;从化学视角看合成生物学、熔补生物学及人造生物学等。
●
相关链接 在E读中查询图书 在五车中查询图书 在当当中查询图书 在豆瓣中查询图书


正题名:化学合成生物学     索取号:Q503/204         预约/预借

序号 登录号 条形码 馆藏地/架位号 状态 备注
1 846440   208464400   第二样本阅览室/ [索取号:Q503/204] 在馆    
2 846441   208464419   第三借阅区/ [索取号:Q503/204] 已借出,限还日期为2025.05.05
借出人:李华伟  
 
3 846442   208464428   第三借阅区/ [索取号:Q503/204] 在馆    
唐山师范学院图书馆 欢迎您!
大连网信软件有限公司© 版权所有